000 00615nam a22002057a 4500
999 _c8026
_d8026
003 OSt
005 20220908160411.0
008 220908b ||||| |||| 00| 0 eng d
020 _a9789645817532
040 _cddc
082 _a297 MUS 2003
100 _aMūsavī Lārī, Mujtabá
_916324
245 _aGod and his attributes :
_b lessons on Islamic doctrine
260 _aPotomac:
_b Islamic Education Center;
_c©1989
300 _a206 pages ;
_c22 cm
504 _aIncludes bibliographical references and index
650 _aShīʻah -- Doctrines.
_916325
650 _aGod Islam.
_916326
942 _2ddc
_cBOOK